| 000 | 00339 a2200121 4500 | ||
|---|---|---|---|
| 005 | 20250602135725.0 | ||
| 020 | _a978-9976-78-085-7 | ||
| 111 | _aNBAA | ||
| 245 | _aB5 PERFORMANCE MANAGEMENT | ||
| 260 |
_aDar es Salaam _bNational Board of Accountants and Auditors _c2019 |
||
| 300 |
_a575p.: ill; figures, tables, _c29.3 cm |
||
| 942 |
_2ddc _cBKS |
||
| 999 |
_c3033 _d3033 |
||